000 00635nmc a2200253 a 4500
003 AR-BaBNM
005 20251128203156.0
008 116019s1948 ||||||||||||||000 | spa||
040 _cAR-BaBNM
100 1 _aBarrie, J.M.
245 1 0 _aEl admirable Crichton ;
_bEl bosque encantado
260 _aBuenos Aires
_bSudamericana
_c1948
300 0 _a259 p.
490 0 _aHorizonte. Teatro
650 4 _aESCRITORES
650 4 _aLITERATURA INGLESA
650 4 _aTEATRO
650 4 _aLITERATURA EXTRANJERA
650 4 _aCOMEDIA
655 _aLITERATURA
700 1 _aLecuona, Pedro
_etraductor
942 _cBK
998 _cMARTIN
999 _c2237
_d2237